000 00984nam a22002537a 4500
005 20170124103101.0
010 _aA-926145
020 _c75.00
_a8170433576
035 _aA-926145
037 _bCen Lib/Ret
040 _aDPL
_bHN
082 _a
_bचोपड़ा
100 _aचोपड़ा, लक्ष्मेन्द्र
_942758
245 _aमेटाभूम /
_cलक्ष्मेन्द्र चोपड़ा
246 _aMetabhoom /
_b by Lakshmendra Chopda
260 _aदिल्ली
_bआत्माराम एंड संस
_c1998
270 _aकश्मीरी गेट
_bदिल्ली
_e110006
300 _a94पृष्ठ.
_c20सेमी(सजिल्द)
650 _aसाहित्य--कथा
_942948
650 _aहिंदी--कहानी
_976984
650 _aLiterature--Fiction
_976985
650 _aHindi--stories
_976986
942 _2ddc
_cHN
_h
_mचोपड़ा
999 _c117821
_d117821